Ledia (Record no. 172994)
[ view plain ]
| 000 -LEADER | |
|---|---|
| campo de control de longitud fija | 00828namaa22002051 4500 |
| 001 - NÚMERO DE CONTROL | |
| campo de control | 172994 |
| 003 - IDENTIFICADOR DE NÚMERO DE CONTROL | |
| campo de control | ES-MaACL |
| 005 - FECHA Y HORA DE LA ÚLTIMA TRANSACCIÓN | |
| campo de control | 20230906215111.0 |
| 007 - CAMPO FIJO DE DESCRIPCIÓN FÍSICA--INFORMACIÓN GENERAL | |
| campo de control de longitud fija | t| |
| 008 - DATOS DE LONGITUD FIJA--INFORMACIÓN GENERAL | |
| campo de control de longitud fija | 091002s1877 sp |r |||| | spa d |
| 040 ## - FUENTE DE CATALOGACIÓN | |
| Centro catalogador/agencia de origen | SpMaBN |
| Lengua de catalogación | spa |
| Centro/agencia transcriptor | SpMaBN |
| Normas de descripción | rdc |
| 080 ## - NÚMERO DE LA CLASIFICACIÓN DECIMAL UNIVERSAL | |
| Número de la Clasificación Decimal Universal | 78.089.1 |
| 100 1# - ENTRADA PRINCIPAL--NOMBRE DE PERSONA | |
| Nombre de persona | Cárdenas, José de. |
| 9 (RLIN) | 35141 |
| 245 10 - MENCIÓN DEL TÍTULO | |
| Título | Ledia |
| Resto del título | : drama lírico en tres actos / |
| Mención de responsabilidad, etc. | letra de Don José de Cárdenas ; música del maestro Zubiaurre. |
| 260 ## - PUBLICACIÓN, DISTRIBUCIÓN, ETC. | |
| Lugar de publicación, distribución, etc. | Madrid (calle de Pelayo, 5) : |
| Nombre del editor, distribuidor, etc. | Imp. de la Sociedad de Tipógrafos, |
| Fecha de publicación, distribución, etc. | 1877. |
| 300 ## - DESCRIPCIÓN FÍSICA | |
| Extensión | 48 p. ; |
| Dimensiones | 22 cm. |
| 500 ## - NOTA GENERAL | |
| Nota general | Solo la letra. |
| 700 1# - ENTRADA AGREGADA--NOMBRE PERSONAL | |
| Nombre de persona | Zubiaurre, Valentín. |
| 9 (RLIN) | 141433 |
| 852 1# - LOCALIZACIÓN | |
| Ubicación | BA |
| Número de control de estantería | F-8602(5) |
| condición física | .- Falto de la cub. original |
| Nota libre | .- Enc. en vol. facticio formando parte de la col. facticia "Teatro español moderno", vol. 55 |
| -- | .- Dedicatoria autógrafa del autor |
| Estatus retirado | Estado de pérdida | Estado de daño | No para préstamo | Colección | Biblioteca de origen | Biblioteca actual | Ubicación en estantería | Fecha de adquisición | Fuente de adquisición | Total de préstamos | Signatura topográfica completa | Código de barras | Visto por última vez | Precio de reemplazo | Tipo de ítem Koha |
|---|---|---|---|---|---|---|---|---|---|---|---|---|---|---|---|
| Libros del s. XIX | Biblioteca del Ateneo de Madrid | Biblioteca del Ateneo de Madrid | Sala Pecera Planta 2 | 02/10/2009 | F-8602(5) | 1181523 | 23/02/2023 | 23/02/2023 | Libro impreso antiguo |
